00606nam a2200181 i 4500001000700000003000900007005001700016007000300033008004100036080002100077100004100098245005200139260005200191300002200243852002000265999001900285952012000304142585ES-MaACL20231125063006.0t|071008s1926 sp |||| | spa d a821.134.2-32"19"1 aVillalta, Miguel,d1838-1907911498410aRapsodias vulgares b: ensayos / cM. Villalta. aMadrid : b[s.n., c1926] (fImpr. Caro Raggio) a198 p. ; c19 cm. aES-MaACLjF-681 c142585d142585 00104070aATENEOMbATENEOMcDEPO2d2008-01-17eSCl0oF-681p1148359r2023-02-23 00:00:00w2023-02-23yMONOGRAFIA